Blood canticle
Đã lưu trong:
| 主要作者: | |
|---|---|
| 格式: | CD |
| 語言: | English |
| 出版: |
New York :
Alfred A. Knopf,
2003.
|
| 叢編: | The vampire chronicles.
|
| 標簽: |
添加標簽
沒有標簽, 成為第一個標記此記錄!
|
| Thư viện lưu trữ: | Thư viện Trường Đại học Đà Lạt |
|---|
| LEADER | 00660nam a2200289 4500 | ||
|---|---|---|---|
| 001 | DLU080064519 | ||
| 005 | ##20081230 | ||
| 040 | # | # | |a DLU |b eng |
| 041 | # | # | |a eng |
| 044 | # | # | |a us |
| 082 | # | # | |a 813 |b RI-A |
| 100 | # | # | |a Rice, Anne. |
| 245 | # | # | |a Blood canticle |h [CD-ROM] / |c Anne Rice. |
| 256 | # | # | |a 4 3/4 in. |
| 260 | # | # | |a New York : |b Alfred A. Knopf, |c 2003. |
| 300 | # | # | |a 5 CD-ROMs ; |c 4 3/4 in. |
| 490 | # | # | |a The vampire chronicles. |
| 923 | # | # | |a 21/2008 |
| 992 | # | # | |a 0 |
| 994 | # | # | |a DLU |
| 900 | # | # | |a True |
| 911 | # | # | |a Nguyễn Thanh Hương |
| 925 | # | # | |a CD |
| 926 | # | # | |a A |
| 927 | # | # | |a CD |
| 980 | # | # | |a Thư viện Trường Đại học Đà Lạt |